Une vie / (Registro nro. 101101)

Detalles MARC
000 -LEADER
campo de control de longitud fija 00795nam a2200241 i 4500
001 - NÚMERO DE CONTROL
campo de control 101101
003 - IDENTIFICADOR DE NÚMERO DE CONTROL
campo de control ES-MaACL
005 - FECHA Y HORA DE LA ÚLTIMA TRANSACCIÓN
campo de control 20240516063038.0
007 - CAMPO FIJO DE DESCRIPCIÓN FÍSICA--INFORMACIÓN GENERAL
campo de control de longitud fija t|
008 - DATOS DE LONGITUD FIJA--INFORMACIÓN GENERAL
campo de control de longitud fija 051013s1908 fr a ||||1| fre d
080 ## - NÚMERO DE LA CLASIFICACIÓN DECIMAL UNIVERSAL
Número de la Clasificación Decimal Universal 821.133.1-31"18"
100 1# - ENTRADA PRINCIPAL--NOMBRE DE PERSONA
Nombre de persona Maupassant, Guy de,
Fechas asociadas al nombre 1850-1893
9 (RLIN) 79214
245 14 - MENCIÓN DEL TÍTULO
Título Une vie /
Mención de responsabilidad, etc. Guy de Maupassant ; illustrations de A. Leroux ; gravure sur bois G. Lemoine.
260 ## - PUBLICACIÓN, DISTRIBUCIÓN, ETC.
Lugar de publicación, distribución, etc. Paris :
Nombre del editor, distribuidor, etc. Societé d'Editions Litteraires et Artistiques,
Fecha de publicación, distribución, etc. 1908.
300 ## - DESCRIPCIÓN FÍSICA
Extensión 335 p. :
Otras características físicas il. ;
Dimensiones 18 cm.
490 1# - MENCIÓN DE SERIE
Mención de serie Oeuvres complètes illustrées
700 1# - ENTRADA AGREGADA--NOMBRE PERSONAL
Nombre de persona Leroux, A.
9 (RLIN) 71814
700 1# - ENTRADA AGREGADA--NOMBRE PERSONAL
Nombre de persona Lemoine, G.
9 (RLIN) 71483
830 0# - PUNTO DE ACCESO ADICIONAL DE SERIE-TÍTULO UNIFORME
Título uniforme Oeuvres complètes illustrées
9 (RLIN) 184588
852 ## - LOCALIZACIÓN
Ubicación ES-MaACL
Número de control de estantería G-14652
852 ## - LOCALIZACIÓN
Ubicación ES-MaACL
Número de control de estantería G-9038
Existencias
Estatus retirado Estado de pérdida Estado de daño No para préstamo Biblioteca de origen Biblioteca actual Ubicación en estantería Fecha de adquisición Fuente de adquisición Total de préstamos Signatura topográfica completa Código de barras Visto por última vez Precio de reemplazo Tipo de ítem Koha
        Biblioteca del Ateneo de Madrid Biblioteca del Ateneo de Madrid Sala Pecera Planta 3 17/01/2008     G-9038 1105555 23/02/2023 23/02/2023 Libro impreso
        Biblioteca del Ateneo de Madrid Biblioteca del Ateneo de Madrid Sala Pecera Planta 3 17/01/2008     G-14652 1105554 23/02/2023 23/02/2023 Libro impreso